Najludniejsze miasta Ukrainy - Statystyki

Ogólne statystyki
  • Ten quiz został rozwiązany 35 razy
  • Średni wynik to 7 z 10
Statystyki odpowiedzi
Populacja Miasto % Poprawnych
2 967 360 Kijów
100%
724 314 Lwów
97%
1 443 207 Charków
94%
908 456 Donieck
84%
1 018 669 Odessa
84%
990 724 Dniepr
74%
731 922 Zaporoże
55%
619 278 Krzywy Róg
48%
449 138 Sewastopol
48%
480 080 Mikołajów
35%
Nie znaleziono quizów pasujących do podanych kryteriów
Rozkład punktacji
Procent ludzi z każdym wynikiem
Percentyl według liczby udzielonych odpowiedzi
Twoja historia wyników
Nie rozwiązałeś tego quizu